00943nam a2200229Ia 4500003000400000005001700004008004100021020001800062040001800080041000800098082002200106100002700128245006500155250001200220260005700232300002700289650008700316650007500403942003500478999001900513952018100532OSt20230713141236.0210716s2004 xx 000 0 und d a9788120345577 cAIMIT LIBRARY aeng a004.694 22bPRAC aPrabhu, C S R.9126666 aE-governance: bconcepts and case studies /cBy C S R Prabhu a2nd ed. aNew Delhi :bPrentice Hall of India PVt Ltd ,c2015. axi,278p. ;bPBc25 cm. aE-Governance infrastructure stages in evolution and strategies for success9126667 aApplications of data warehousing and data mining in government9126668 2ddccBKe2nd ed.k004.694 PRAC c195597d195597 00102ddc40708MCAaAIMITbAIMITd2017-03-01eKnowledge Worldg295.00iBill no:318; Bill dt:2017-02-10l0o004.694 PRACpMCA15108r2025-07-21 00:00:00v250.75w2021-07-16yBK